000 00282nam a2200121Ia 4500
008 240624s9999 xx 000 0 und d
041 _aeng
082 _a823 GAS
100 _aGASKELL ELIZABETH
245 _aCRANFORD
260 _c1918
_aNew Delhi
_bHarper Collins
365 _cRS
_b25
999 _c18528
_d18528